header

QCD as a theory of hadrons (Record no. 108992)

MARC details
000 -LEADER
fixed length control field 02098nam a2200349Ia 4500
082 04 - DEWEY DECIMAL CLASSIFICATION NUMBER
Classification number 539.7/548
100 1# - MAIN ENTRY--AUTHOR NAME
Personal name Narison, S.
245 10 - TITLE STATEMENT
Title QCD as a theory of hadrons
260 ## - PUBLICATION, DISTRIBUTION, ETC. (IMPRINT)
Place of publication New York :
Name of publisher Cambridge University Press,
Year of publication 2003.
300 ## - PHYSICAL DESCRIPTION
Number of Pages xxxii, 779 p. :
Other physical details ill.
490 1# - SERIES STATEMENT
Series statement Cambridge monographs on particle physics, nuclear physics, and cosmology
505 0# - FORMATTED CONTENTS NOTE
Formatted contents note Pt. I. General introduction -- Pt. II. QCD gauge theory -- Pt. III. MS scheme for QCD and QED -- Pt. IV. Deep inelastic scatterings at hadron colliders -- Pt. V. Hard processes in e[superscript +]e[superscript -] collisions -- Pt. VI. Summary of QCD tests and [alpha][subscript s] measurements -- Pt. VII. Power corrections in QCD -- Pt. VIII. QCD two-point functions -- Pt. IX. QCD non-perturbative methods -- Pt. X. QCD spectral sum rules -- Pt. XI. Appendices -- App. A. Physical constants and units -- App. B. Weight factors for SU(N)[subscript c] -- App. C. Coordinates and momenta -- App. D. Dirac equation and matrices -- App. E. Feynman rules -- App. F. Feynman integrals -- App. G. Useful formulae for the sum rules.
650 #0 - SUBJECT ADDED ENTRY--TOPICAL TERM
Topical Term Quantum chromodynamics.
Topical Term Hadrons.
856 40 - ELECTRONIC LOCATION AND ACCESS
Uniform Resource Identifier http://site.ebrary.com/lib/rucke/Doc?id=10124672

No items available.

© 2026 Rongo University
Contact us: librarian | system librarian | Rongo university